Marcapata y el oro de los incas : (Record no. 23241)

000 -CABECERA
fixed length control field 01353nam a22003257i 4500
003 - IDENTIFICADOR DEL NÚMERO DE CONTROL
control field AR-CdUCM
008 - DATOS DE LONGITUD FIJA--INFORMACIÓN GENERAL
fixed length control field 250305b20242024 pe||||| |||| 00| 0 spa d
020 ## - NÚMERO INTERNACIONAL ESTÁNDAR DEL LIBRO
ISBN 978-612-4393-43-4
040 ## - FUENTE DE LA CATALOGACIÓN
Agencia/entidad que catalogó originalmente la obra MUNICIPALIDAD PROVINCIAL DEL CUSCO
Entidad que transcribió la catalogación BIBLIOTECA MUNICIPAL DEL CUSCO
082 ## - NÚMERO DE LA CLASIFICACIÓN DECIMAL DEWEY
No. de la edición Segunda Edición
No. de Clasificación 985.613 / O63 / e.2
Notacion interna O63 / e.2
100 ## - ENTRADA PRINCIPAL--NOMBRE DE PERSONA
Nombre Personal Ordoñez Santisteban, Rubén Francisco
245 ## - MENCIÓN DE TÍTULO
Título Marcapata y el oro de los incas :
Resto del título Segunda edición /
260 ## - PUBLICACIÓN, DISTRIBUCIÓN, ETC.
Lugar de publicación, distribución, etc. Cusco :
Nombre de la editorial, distribuidor, etc. Pancho Atar Editores,
Fecha de publicación, distribución, etc. 2024
300 ## - DESCRIPCIÓN FÍSICA
Nº de Páginas Extensión 493 páginas. :
Dimensiones 24x17.5 cm.
500 ## - NOTA GENERAL
Bibliografía Bibliografía: páginas 485-493
505 ## - NOTA DE CONTENIDO CON FORMATO
Nota de contenido formateada Marcapata o el valle del Cuchoa -- Historia colonial de Marcapata -- Potosí, la mina de plata mas rica del mundo -- Historia republicana de Marcapata -- Historia del Señor de Q'oyllorrity -- Paititi la ciudad pardida de los Incas -- Corrida de toros y el gallot'hipi
650 ## - PUNTO DE ACCESO ADICIONAL DE MATERIA--TÉRMINO DE MATERIA
Descriptor Historia
9 (RLIN) 51084
650 ## - PUNTO DE ACCESO ADICIONAL DE MATERIA--TÉRMINO DE MATERIA
Descriptor Q'oyllorrity
9 (RLIN) 51085
650 ## - PUNTO DE ACCESO ADICIONAL DE MATERIA--TÉRMINO DE MATERIA
Descriptor Gallot'hipi
9 (RLIN) 51086
650 ## - PUNTO DE ACCESO ADICIONAL DE MATERIA--TÉRMINO DE MATERIA
Descriptor Escudo nacional
9 (RLIN) 51087
650 ## - PUNTO DE ACCESO ADICIONAL DE MATERIA--TÉRMINO DE MATERIA
Descriptor Sol de Echenique
9 (RLIN) 51088
650 ## - PUNTO DE ACCESO ADICIONAL DE MATERIA--TÉRMINO DE MATERIA
Descriptor Camanti
9 (RLIN) 51089
650 ## - PUNTO DE ACCESO ADICIONAL DE MATERIA--TÉRMINO DE MATERIA
Descriptor Rio Inambari
9 (RLIN) 51090
650 ## - PUNTO DE ACCESO ADICIONAL DE MATERIA--TÉRMINO DE MATERIA
Descriptor Familia Arteaga
9 (RLIN) 51091
650 ## - PUNTO DE ACCESO ADICIONAL DE MATERIA--TÉRMINO DE MATERIA
Descriptor Familia Ordoñez
9 (RLIN) 51092
700 ## - PUNTO DE ACCESO ADICIONAL--NOMBRE DE PERSONA
Nombre Personal Ordoñez Malaver, Gabriel (diseño gráfico)
9 (RLIN) 51093
942 ## - ELEMENTOS DE PUNTO DE ACCESO ADICIONAL (KOHA)
Fuente de clasificación
Tipo de item Libros-BMC
945 ## - PROCESAMIENTO DE INFORMACIÓN LOCAL (OCLC)
Catalogador pbjr
AAAA-MM-DD - Fecha de ingreso o modificacion 5-03-2025
Holdings
Estado de retiro (separado) Fuente de clasificación o esquema de estanterías Estado dañado Ubicación Sala donde se ubica Nombre de la colección Fecha de adquisición o compra Fuente de adquisición Costo, precio normal en soles Signatura topográfica Código de Barras Última vez visto (Koha) Tipo de ítem (Koha)
No     Sala Humanidades Sala Humanidades Book Cart 2025-03-05 Donación 40.00 985.613 / O63 / e.2 SH0000016924 2025-03-05 Libros-BMC

Powered by Koha